Kto co powiedział w ŚWK? - Statystyki

Ogólne statystyki
  • Ten quiz został rozwiązany 102 razy
    93 od ostatniego zresetowania
  • Średni wynik to 9 z 11
Statystyki odpowiedzi
Zdanie Odpowiedź % Poprawnych
A czy ktoś panu zasądził kopa w dupę? Ferdek / Ferdynand kiepski / ferdeczek / kiepski
100%
W dupę węża! boczek / pan boczek / arnold boczek / grubas
98%
Afera jest, Pan Marian se znowu oknem wyleciał! boczek / pan boczek / arnold boczek / grubas
98%
Kanalia! Babka kiepska / Rozalia / babka / babcia
91%
Spotkamy się jutro u adwokata! Halina kiepska / pani halinka / halina / halinka / pani palina / żona ferdynanda
86%
Kurka wódka! Kozłowski / pan prezes / prezes Kozłowski / prezes
75%
Idziesz jak burza, Ojciec! mariola / mariolka / córka Ferdynanda
72%
Nie oddamy Stasia!Nie oddamy Stasia! Ferdek i Badura / ferdynand kiepski i Kazimierz badura / ferdek i Kazimierz badura / badura i ferdek / Kazimierz badura i Ferdynand kiepski / badura
65%
W Dupę se strzel! Badura / Kazimierz badura / przyjaciel ferdynanda
63%
Ze złodziejami, łobuzami i owadami, ja sobie rade dam malinowska / pani malinowska / Sklepowa
53%
To jest życiowa klęska bo my nie mamy do jedzenia mięska Jolasia / Jolanta / pupcia / synowa ferdynanda / żona waldemara
51%
Nie znaleziono quizów pasujących do podanych kryteriów
Rozkład punktacji
Procent ludzi z każdym wynikiem
Percentyl według liczby udzielonych odpowiedzi
Twoja historia wyników
Nie rozwiązałeś tego quizu od ostatniego zresetowania